[Event "Weekend Vitinia"]
[Site "Roma ITA"]
[Date "1996.11.??"]
[Round "?"]
[White "Moroni, Marco"]
[Black "Buffoni, Luca"]
[Result "1-0"]
[WhiteElo "1785"]
[BlackElo "1699"]
[PlyCount "99"]
[EventDate "1996.11.17"]

1. e4 e5 2. Nf3 Nf6 3. Nc3 Bb4 4. Bc4 O-O 5. d3 d5 6. Bb3 d4 7. a3 Ba5 8. O-O
dxc3 9. Nxe5 Nbd7 10. Nc4 cxb2 11. Bxb2 Bb6 12. e5 Nd5 13. d4 c5 14. Qf3 Ne7
15. Nd6 cxd4 16. Nxf7 Rxf7 17. Qxf7+ Kh8 18. Rfe1 Qf8 19. e6 Qxf7 20. exf7 Bc5
21. Bxd4 Bxd4 22. Rxe7 g6 23. Rd1 Bc5 24. Rexd7 Bxd7 25. Rxd7 Bxa3 26. Rxb7 Kg7
27. f8=Q+ Kxf8 28. Rxh7 Rd8 29. Rh8+ Ke7 30. Rxd8 Kxd8 31. h4 Ke7 32. Kh2 Kf6
33. Kh3 Bc5 34. Kg3 Kg7 35. f4 Kf6 36. Kg4 Bf2 37. c4 a5 38. g3 Bc5 39. Kf3 Kf5
40. g4+ Kf6 41. g5+ Kg7 42. Kg4 Bf2 43. h5 gxh5+ 44. Kxh5 Bc5 45. f5 Kh7 46. f6
Be3 47. Bc2+ Kg8 48. Kg6 Kf8 49. Kf5 Kf7 50. g6+ 1-0

[Event "Weekend Vitinia"]
[Site "Roma ITA"]
[Date "1996.11.??"]
[Round "?"]
[White "Moroni, Marco"]
[Black "Ragonese, Lucio Rosario"]
[Result "0-1"]
[WhiteElo "1785"]
[BlackElo "2052"]
[PlyCount "39"]
[EventDate "1996.11.17"]

1. e4 d5 2. exd5 Qxd5 3. Nc3 Qa5 4. d4 Nf6 5. Bd2 c6 6. Bc4 Bf5 7. Nf3 Nbd7 8.
O-O Qc7 9. Re1 e6 10. Ne5 Nxe5 11. dxe5 Ng4 12. Bf4 g5 13. Nb5 Qb6 14. Qe2 gxf4
15. h3 Nxf2 16. Kh2 O-O-O 17. Nc3 Bb4 18. Na4 Qe3 19. Qxe3 fxe3 20. Rxe3 $138
0-1

[Event "Weekend Vitinia"]
[Site "Roma ITA"]
[Date "1996.11.??"]
[Round "?"]
[White "Moroni, Marco"]
[Black "Saccone, Fabio"]
[Result "0-1"]
[WhiteElo "1785"]
[BlackElo "2200"]
[PlyCount "110"]
[EventDate "1996.11.17"]

1. e4 c5 2. Nf3 d6 3. d4 cxd4 4. Nxd4 Nf6 5. Nc3 Nc6 6. Be2 e6 7. O-O Be7 8.
Be3 O-O 9. a3 Bd7 10. b4 Qc7 11. Ndb5 Qb8 12. Nd4 Rc8 13. f3 Nxb4 14. axb4 Rxc3
15. Bd2 Rc8 16. c4 d5 17. exd5 exd5 18. c5 a5 19. Rc1 Qe5 20. Nc2 axb4 21. Nxb4
Bxc5+ 22. Kh1 Ba4 23. Qe1 Be3 24. Bc3 d4 25. Bd2 h6 26. Nd3 Qe8 27. Nc5 Bc6 28.
Bd3 Bd5 29. Qd1 b6 30. Na6 Qd7 31. Re1 Bxd2 32. Qxd2 Bb7 33. Rxc8+ Rxc8 34. Qb4
Rc3 35. Qxb6 Bxa6 36. Qxa6 Qc8 37. Qb5 Rc1 38. Rxc1 Qxc1+ 39. Bf1 Nd5 40. Kg1
Ne3 41. h3 g6 42. Kf2 Qxf1+ 43. Qxf1 Nxf1 44. Kxf1 Kg7 45. Ke2 Kf6 46. g3 Ke5
47. Kd3 Kd5 48. f4 f5 49. g4 h5 50. gxh5 gxh5 51. h4 Kc5 52. Kd2 Kc4 53. Kc2
d3+ 54. Kd1 Kd4 55. Kd2 Ke4 0-1

[Event "Weekend Vitinia"]
[Site "Roma ITA"]
[Date "1996.11.??"]
[Round "?"]
[White "Moroni, Marco"]
[Black "Simeoni, Matteo"]
[Result "1-0"]
[WhiteElo "1785"]
[BlackElo "1797"]
[PlyCount "71"]
[EventDate "1996.11.17"]

1. e4 c5 2. Nf3 d6 3. d4 cxd4 4. Nxd4 Nf6 5. Nc3 a6 6. Be2 e5 7. Nf3 h6 8. h3
b5 9. a3 Bb7 10. Nd2 Nbd7 11. Bf3 Rc8 12. Ne2 Qc7 13. c3 Nb6 14. Ng3 Be7 15.
O-O O-O 16. Re1 Rfd8 17. Qc2 d5 18. exd5 Nbxd5 19. Nde4 b4 20. Nxf6+ Nxf6 21.
Bxb7 Qxb7 22. axb4 Bxb4 23. Qb3 Rd3 24. Qxb4 Qd5 25. Be3 Nd7 26. Nf5 Re8 27.
Ne7+ Rxe7 28. Qxe7 e4 29. Rxa6 Ne5 30. Bxh6 Rxh3 31. Bxg7 Nf3+ 32. gxf3 Rh1+
33. Kxh1 Qh5+ 34. Kg1 Kxg7 35. Qf6+ Kh7 36. Qh6+ 1-0

[Event "Weekend Vitinia"]
[Site "Roma ITA"]
[Date "1996.11.??"]
[Round "?"]
[White "Narain, Ram Deva"]
[Black "Ciotoli, Patrizio"]
[Result "1-0"]
[WhiteElo "1539"]
[BlackElo "1956"]
[PlyCount "92"]
[EventDate "1996.11.17"]

1. d4 Nf6 2. c4 b6 3. Nf3 Bb7 4. e3 d6 5. Be2 Nbd7 6. O-O g6 7. Nc3 Bg7 8. Qc2
O-O 9. Rd1 Re8 10. e4 e5 11. d5 h6 12. h3 Nf8 13. Be3 Bc8 14. b4 a5 15. a3 g5
16. Nh2 Ng6 17. c5 Nf4 18. Bb5 Bd7 19. Bxd7 Nxd7 20. Nb5 bxc5 21. bxc5 Nxc5 22.
Bxc5 dxc5 23. Qxc5 Qd7 24. a4 Rec8 25. Kf1 Bf8 26. Qc4 c6 27. dxc6 Qxc6 28.
Qxc6 Rxc6 29. Ng4 Rc2 30. Ne3 Rc6 31. Nd5 Bb4 32. Rab1 Rc4 33. Nb6 Rac8 34.
Nxc8 Rxc8 35. Rbc1 Rb8 36. Rd7 Ne6 37. g3 Nc5 38. Rd5 Nxa4 39. Rxe5 Nb2 40. Rc2
Nd3 41. Rd5 Ne1 42. Rc7 Nf3 43. Rf5 Nd2+ 44. Kg2 f6 45. Nd4 Nxe4 46. Nc6 Ra8
1-0

[Event "Weekend Vitinia"]
[Site "Roma ITA"]
[Date "1996.11.??"]
[Round "?"]
[White "Narain, Ram Deva"]
[Black "Marta, Daniele"]
[Result "0-1"]
[WhiteElo "1539"]
[BlackElo "1807"]
[PlyCount "62"]
[EventDate "1996.11.17"]

1. d4 Nf6 2. c4 g6 3. Nc3 Bg7 4. e4 d6 5. Nf3 O-O 6. Be2 e5 7. O-O Nc6 8. d5
Ne7 9. Ne1 Nd7 10. Be3 f5 11. f3 f4 12. Bf2 h5 13. Nd3 g5 14. c5 Nf6 15. Rc1
Ng6 16. cxd6 cxd6 17. Nb5 Rf7 18. Nxa7 Rxa7 19. Bxa7 g4 20. Bf2 g3 21. hxg3
fxg3 22. Bxg3 h4 23. Bf2 Bh6 24. Rc3 Nh5 25. Qc2 Bd7 26. Rc7 Ngf4 27. Bb6 Qg5
28. Ne1 Rg7 29. Rxd7 Qxg2+ 30. Nxg2 Rxg2+ 31. Kh1 Ng3# 0-1

[Event "Weekend Vitinia"]
[Site "Roma ITA"]
[Date "1996.11.??"]
[Round "?"]
[White "Narain, Ram Deva"]
[Black "Scalfaro, Sergio"]
[Result "0-1"]
[WhiteElo "1539"]
[BlackElo "1810"]
[PlyCount "88"]
[EventDate "1996.11.17"]

1. d4 Nf6 2. c4 g6 3. Nc3 d5 4. Bg5 Ne4 5. Bh4 Nxc3 6. bxc3 Bg7 7. e3 c5 8.
cxd5 Qxd5 9. Nf3 cxd4 10. cxd4 Nc6 11. Be2 O-O 12. O-O Bg4 13. h3 Bf5 14. Nd2
b5 15. Bf3 Qd7 16. Bxc6 Qxc6 17. Bxe7 Rfe8 18. Bc5 a5 19. Qf3 Qxf3 20. Nxf3
Rec8 21. Rac1 Be6 22. a3 Bc4 23. Rfe1 Rxc5 24. dxc5 Bb2 25. Rc2 Bxa3 26. Ra1
Bb4 27. c6 Rc8 28. Rxc4 bxc4 29. Nd4 Bc3 30. Ra4 Bxd4 31. exd4 Rxc6 32. Rxa5 c3
33. Ra1 Kf8 34. Kf1 Ke7 35. Ke2 Kd6 36. Kd3 c2 37. Rc1 Kd5 38. Rxc2 Rxc2 39.
Kxc2 Kxd4 40. Kd2 f5 41. f3 f4 42. Ke2 Kc3 43. Kf2 Kd2 44. g4 g5 0-1

[Event "Weekend Vitinia"]
[Site "Roma ITA"]
[Date "1996.11.??"]
[Round "?"]
[White "Narain, Ram Deva"]
[Black "Simeone, Giulio"]
[Result "1/2-1/2"]
[WhiteElo "1539"]
[BlackElo "1714"]
[PlyCount "69"]
[EventDate "1996.11.17"]

1. d4 g6 2. c4 Bg7 3. Nc3 d6 4. e4 Nc6 5. d5 Nd4 6. Be3 c5 7. Nge2 Nxe2 8. Bxe2
Nf6 9. Qd2 Bd7 10. O-O O-O 11. Bh6 Bxh6 12. Qxh6 Qb6 13. Qd2 Rab8 14. f4 Qc7
15. Bf3 a6 16. a4 Bg4 17. Qe2 Bxf3 18. Qxf3 Rbd8 19. Rae1 e6 20. e5 dxe5 21.
fxe5 Nd7 22. d6 Qc6 23. Qf4 f6 24. Qg4 Rde8 25. exf6 Nxf6 26. Qg5 Qxd6 27. Kh1
Qe7 28. Kg1 Rf7 29. Re5 Nd7 30. Rxf7 Qxg5 31. Rxg5 Kxf7 32. Ne4 h6 33. Rg3 Kg7
34. a5 Rb8 35. Rb3 1/2-1/2

[Event "Weekend Vitinia"]
[Site "Roma ITA"]
[Date "1996.11.??"]
[Round "?"]
[White "Narain, Ram Deva"]
[Black "Wyss, Walter"]
[Result "0-1"]
[WhiteElo "1539"]
[BlackElo "2200"]
[PlyCount "76"]
[EventDate "1996.11.17"]

1. d4 e6 2. c4 f5 3. g3 Nf6 4. Bg2 d5 5. Nf3 c6 6. O-O Bd6 7. b3 O-O 8. Ba3
Bxa3 9. Nxa3 Nbd7 10. Nc2 Qe8 11. Nce1 Qh5 12. Nd3 g5 13. Nfe5 Nxe5 14. Nxe5
Bd7 15. Rc1 Be8 16. e3 Qh6 17. Qd3 Nd7 18. Nxd7 Bxd7 19. f4 Be8 20. fxg5 Qxg5
21. Rf4 Rd8 22. cxd5 exd5 23. b4 a6 24. Rcf1 Bg6 25. a4 Rde8 26. b5 axb5 27.
axb5 Ra8 28. bxc6 bxc6 29. Bh3 Rae8 30. Qc3 Re6 31. Re1 Rfe8 32. Bg2 Qe7 33.
Kf2 Ra8 34. Re2 Ra3 35. Qd2 Qa7 36. Bh3 Re4 37. Bg2 Rxf4+ 38. exf4 Bh5 0-1

[Event "Weekend Vitinia"]
[Site "Roma ITA"]
[Date "1996.11.??"]
[Round "?"]
[White "Papetti, Francesco"]
[Black "Brandi, Flaviano"]
[Result "1/2-1/2"]
[WhiteElo "1816"]
[BlackElo "1713"]
[PlyCount "63"]
[EventDate "1996.11.17"]

1. d4 Nf6 2. c4 e6 3. Nf3 Bb4+ 4. Nbd2 d5 5. e3 O-O 6. a3 Be7 7. b4 c6 8. Bb2
Nbd7 9. Bd3 Nb6 10. c5 Nbd7 11. O-O Re8 12. Ne5 Nf8 13. f4 Ng6 14. Kh1 Nd7 15.
Ndf3 f5 16. Nxg6 hxg6 17. g4 Kf7 18. Ne5+ Nxe5 19. fxe5 Rh8 20. e4 dxe4 21.
Bxe4 Ke8 22. Bd3 Bg5 23. Qf3 Qd5 24. Qxd5 cxd5 25. gxf5 gxf5 26. Rf3 Be7 27.
Rg1 g5 28. Bc1 g4 29. Rff1 Bd7 30. Bf4 a6 31. Ra1 Ba4 32. Rg3 1/2-1/2

[Event "Weekend Vitinia"]
[Site "Roma ITA"]
[Date "1996.11.??"]
[Round "?"]
[White "Papetti, Francesco"]
[Black "Morisi, Eugenio"]
[Result "1-0"]
[WhiteElo "1816"]
[BlackElo "1729"]
[PlyCount "49"]
[EventDate "1996.11.17"]

1. d4 f5 2. c4 e6 3. Nc3 Nf6 4. a3 b6 5. Nf3 Bb7 6. e3 Be7 7. Bd3 O-O 8. O-O
Qe8 9. b4 d6 10. d5 exd5 11. Bxf5 dxc4 12. Be6+ Kh8 13. Bxc4 Qh5 14. Bb2 Ng4
15. h3 Rxf3 16. hxg4 Qg5 17. gxf3 Nd7 18. Nd5 Rf8 19. Nf4 Qh4 20. Bd5 c6 21.
Be4 d5 22. Bd3 Bf6 23. Bxf6 Nxf6 24. Kg2 Re8 25. Ng6+ 1-0

[Event "Weekend Vitinia"]
[Site "Roma ITA"]
[Date "1996.11.??"]
[Round "?"]
[White "Papetti, Francesco"]
[Black "Piccioni, Marco"]
[Result "1-0"]
[WhiteElo "1816"]
[BlackElo "1537"]
[PlyCount "102"]
[EventDate "1996.11.17"]

1. d4 d5 2. c4 e6 3. Nf3 Nf6 4. Bg5 Be7 5. e3 O-O 6. Nc3 Nbd7 7. Bd3 dxc4 8.
Bxc4 c6 9. O-O Nd5 10. Ne4 Bxg5 11. Nfxg5 N5f6 12. Bd3 h6 13. Nxf6+ Nxf6 14.
Nf3 Qe7 15. Rc1 Nd7 16. Bb1 Nb6 17. Ne5 Bd7 18. Qc2 g6 19. f4 Nd5 20. Rf3 Be8
21. g4 f5 22. Rg3 Kh7 23. Kh1 Bf7 24. gxf5 gxf5 25. e4 Nb4 26. Qg2 Rg8 27. exf5
Kh8 28. Ng6+ Bxg6 29. fxg6 Nd5 30. Rg1 Qg7 31. Qd2 Raf8 32. Rf1 Rf6 33. f5 exf5
34. Bxf5 Rgf8 35. Rgf3 Ne7 36. Be4 Rxf3 37. Rxf3 Rxf3 38. Bxf3 Qxg6 39. Qb4
Qb1+ 40. Kg2 Qc2+ 41. Kf1 Qc1+ 42. Qe1 Qxe1+ 43. Kxe1 Kg7 44. Kd2 Kf6 45. Bg4
Kg5 46. h3 Kf6 47. Kd3 Nf5 48. a4 a5 49. Ke4 Nd6+ 50. Kd3 b5 51. Bd7 Nc4 1-0

[Event "Weekend Vitinia"]
[Site "Roma ITA"]
[Date "1996.11.??"]
[Round "?"]
[White "Pezzaldi, Roberto"]
[Black "Albore, Daniele"]
[Result "1-0"]
[WhiteElo "2001"]
[BlackElo "1579"]
[PlyCount "66"]
[EventDate "1996.11.17"]

1. c4 e6 2. Nf3 d5 3. b3 Nf6 4. Bb2 Bd6 5. g3 O-O 6. Bg2 Nbd7 7. O-O c6 8. d3
e5 9. cxd5 cxd5 10. Nc3 a6 11. Rc1 b6 12. Nh4 Bb7 13. Nf5 Bc7 14. Ba3 Nc5 15.
Na4 g6 16. Ne3 Bd6 17. Nxc5 Bxc5 18. Bxc5 bxc5 19. Rxc5 Qd6 20. Qc2 Rac8 21.
Rc1 e4 22. Bh3 Nd7 23. Rc7 f5 24. dxe4 dxe4 25. Qc4+ Kh8 26. Ng2 Ne5 27. Qc3
Rxc7 28. Qxc7 Qxc7 29. Rxc7 Bc6 30. Ne3 Rd8 31. Nc4 Rd1+ 32. Kg2 Nxc4 33. Rxc6
Ne5 1-0

[Event "Weekend Vitinia"]
[Site "Roma ITA"]
[Date "1996.11.??"]
[Round "?"]
[White "Pezzaldi, Roberto"]
[Black "Quimi, Marco"]
[Result "1/2-1/2"]
[WhiteElo "2001"]
[BlackElo "2220"]
[PlyCount "93"]
[EventDate "1996.11.17"]

1. c4 f5 2. Nc3 e5 3. d4 exd4 4. Qxd4 Nc6 5. Qe3+ Qe7 6. Nd5 Qxe3 7. Bxe3 Bb4+
8. Bd2 Bxd2+ 9. Kxd2 Kd8 10. Nf3 h6 11. e3 Nge7 12. Nxe7 Kxe7 13. Bd3 d6 14.
Nd4 Rf8 15. Nxc6+ bxc6 16. Rhe1 Rb8 17. b3 Kf6 18. g3 g5 19. f4 Bd7 20. Rf1 c5
21. e4 g4 22. exf5 a5 23. Rfe1 a4 24. Kc3 Rfe8 25. Bc2 h5 26. Rxe8 Rxe8 27. Kd2
Bxf5 28. Bxf5 Kxf5 29. Re1 Ra8 30. Kc3 axb3 31. Kxb3 h4 32. a4 Rb8+ 33. Kc3
hxg3 34. hxg3 Rb4 35. Ra1 Ke4 36. a5 Kf3 37. a6 Rb8 38. a7 Ra8 39. f5 Kxg3 40.
f6 Kf2 41. f7 g3 42. Rb1 Rf8 43. Rb8 g2 44. a8=Q g1=Q 45. Rb2+ Ke3 46. Qe8+ Kf3
47. Qxf8 1/2-1/2

[Event "Weekend Vitinia"]
[Site "Roma ITA"]
[Date "1996.11.??"]
[Round "?"]
[White "Pezzaldi, Roberto"]
[Black "Scalfaro, Sergio"]
[Result "1-0"]
[WhiteElo "2001"]
[BlackElo "1810"]
[PlyCount "47"]
[EventDate "1996.11.17"]

1. c4 e5 2. Nc3 Nc6 3. g3 Nf6 4. Bg2 Bb4 5. Nf3 O-O 6. O-O e4 7. Ng5 Bxc3 8.
bxc3 Re8 9. Qc2 Qe7 10. f3 Qc5+ 11. Kh1 Qxg5 12. fxe4 Qg6 13. d3 d6 14. Rb1 Ne5
15. Qd2 Rb8 16. Qf4 Bd7 17. Bd2 Bc6 18. Qh4 Nxc4 19. Bg5 Nxe4 20. dxe4 Bxe4 21.
Bxe4 Rxe4 22. Bf4 Nd2 23. Rxb7 Rxb7 24. Qd8+ 1-0

[Event "Weekend Vitinia"]
[Site "Roma ITA"]
[Date "1996.11.??"]
[Round "?"]
[White "Piccioni, Marco"]
[Black "Abuhamdieh, Arafat"]
[Result "0-1"]
[WhiteElo "1537"]
[BlackElo "1420"]
[PlyCount "134"]
[EventDate "1996.11.17"]

1. e4 c5 2. c3 Nc6 3. d4 cxd4 4. cxd4 d5 5. exd5 Qxd5 6. Be3 e5 7. Nc3 Bb4 8.
dxe5 Qxe5 9. Qd2 Nf6 10. Nf3 Qe7 11. Bb5 Ne4 12. Bxc6+ bxc6 13. Qc1 Ba6 14. Nd4
Qf6 15. Qc2 Nc5 16. O-O-O O-O 17. Ne4 Nxe4 18. Qxe4 Rac8 19. Kb1 c5 20. Nc2
Rfe8 21. Qg4 Ba5 22. Qa4 Qb6 23. Bd2 Bxd2 24. Rxd2 Rb8 25. Na3 Qg6+ 26. Ka1 Re7
27. Rhd1 h6 28. Rd6 Re6 29. Qxa6 Qf6 30. Nc4 Rd8 31. Rxd8+ Kh7 32. Qxa7 Qxd8
33. Qa4 Qg5 34. Ne3 Qh5 35. a3 Qe2 36. Qc2+ Qxc2 37. Nxc2 Re2 38. Ne3 Rxf2 39.
a4 Re2 40. Rd3 Kg6 41. a5 f5 42. g3 Kf7 43. a6 c4 44. Nxc4 Re7 45. b4 g5 46. b5
Kf6 47. Rd6+ Kg7 48. Ne5 f4 49. gxf4 gxf4 50. Rd7 Rxd7 51. Nxd7 f3 52. a7 f2
53. a8=Q f1=Q+ 54. Kb2 Qxb5+ 55. Kc3 Qxd7 56. Qg2+ Kf6 57. Qf3+ Kg5 58. Qg3+
Qg4 59. Qe5+ Kh4 60. Qf6+ Qg5 61. Qf2+ Kh3 62. Qf3+ Kxh2 63. Qf2+ Qg2 64. Qf4+
Qg3+ 65. Qxg3+ Kxg3 66. Kd2 Kg2 67. Ke2 h5 0-1

[Event "Weekend Vitinia"]
[Site "Roma ITA"]
[Date "1996.11.??"]
[Round "?"]
[White "Piccioni, Marco"]
[Black "Attanasi, Salvatore"]
[Result "0-1"]
[WhiteElo "1537"]
[BlackElo "1705"]
[PlyCount "104"]
[EventDate "1996.11.17"]

1. e4 e6 2. d4 d5 3. Nc3 Nf6 4. Bg5 Bb4 5. e5 h6 6. exf6 hxg5 7. fxg7 Rg8 8.
Qh5 Qf6 9. Nf3 Qxg7 10. Ne5 Nd7 11. O-O-O Bxc3 12. bxc3 Nxe5 13. dxe5 Qxe5 14.
h4 Rh8 15. Qg4 Rxh4 16. Rxh4 gxh4 17. Qxh4 Bd7 18. Bd3 Kf8 19. Qb4+ Qd6 20.
Qxd6+ cxd6 21. c4 Bc6 22. g3 Ke7 23. Kd2 Rh8 24. Kc3 e5 25. cxd5 Bxd5 26. a3
Rc8+ 27. Kb2 Bf3 28. Bf5 Bxd1 29. Bxc8 Bf3 30. Bf5 Kf6 31. Bh3 e4 32. Bc8 b6
33. Bb7 Ke5 34. c3 d5 35. Kc2 d4 36. cxd4+ Kxd4 37. Kd2 Bg4 38. Bc6 Be6 39. Bb7
Bc4 40. Bc6 Bd3 41. Be8 f6 42. Bf7 b5 43. Be6 a5 44. Ba2 b4 45. axb4 axb4 46.
Bb3 Bc4 47. Bxc4 Kxc4 48. Kc2 b3+ 49. Kb2 f5 50. Kb1 Kd3 51. Kb2 Ke2 52. Kxb3
Kxf2 0-1

[Event "Weekend Vitinia"]
[Site "Roma ITA"]
[Date "1996.11.??"]
[Round "?"]
[White "Piccioni, Marco"]
[Black "Convertito, Vincenzo"]
[Result "0-1"]
[WhiteElo "1537"]
[BlackElo "1711"]
[PlyCount "46"]
[EventDate "1996.11.17"]

1. e4 c5 2. c3 d6 3. d4 Nf6 4. Bd3 cxd4 5. cxd4 Nc6 6. Nf3 Bg4 7. Be3 Bxf3 8.
Qxf3 g6 9. Bb5 Nd7 10. O-O Bg7 11. Rd1 O-O 12. Nc3 Rc8 13. Rac1 a6 14. Ba4 b5
15. Bb3 Nb6 16. Ne2 Na5 17. Rxc8 Qxc8 18. Rc1 Qb7 19. Bd1 Nac4 20. b3 Nxe3 21.
Qxe3 Rc8 22. d5 Nd7 23. Nd4 Rxc1 0-1

[Event "Weekend Vitinia"]
[Site "Roma ITA"]
[Date "1996.11.??"]
[Round "?"]
[White "Piccioni, Marco"]
[Black "Trebeschi, Andrea"]
[Result "1/2-1/2"]
[WhiteElo "1537"]
[BlackElo "1699"]
[PlyCount "59"]
[EventDate "1996.11.17"]

1. e4 d6 2. d4 Nf6 3. Nc3 g6 4. Nf3 Bg7 5. Be2 O-O 6. O-O Nbd7 7. Be3 e5 8.
dxe5 Nxe5 9. Nxe5 dxe5 10. Qxd8 Rxd8 11. Rad1 Be6 12. Nb5 c6 13. Nc7 Rac8 14.
Nxe6 fxe6 15. f3 b6 16. b4 Kf7 17. a4 Bf8 18. a5 c5 19. axb6 axb6 20. bxc5 Bxc5
21. Bxc5 bxc5 22. Rxd8 Rxd8 23. Rd1 Rxd1+ 24. Bxd1 Nd7 25. Kf2 Nb6 26. Be2 c4
27. Ke3 Ke7 28. h4 h6 29. g3 Kd6 30. Bf1 1/2-1/2

[Event "Weekend Vitinia"]
[Site "Roma ITA"]
[Date "1996.11.??"]
[Round "?"]
[White "Quimi, Marco"]
[Black "Corvi, Marco"]
[Result "1-0"]
[WhiteElo "2220"]
[BlackElo "2185"]
[PlyCount "81"]
[EventDate "1996.11.17"]

1. e4 Nf6 2. e5 Nd5 3. d4 d6 4. Bc4 Nb6 5. Bb3 d5 6. a4 a5 7. Nc3 Na6 8. Be3 h5
9. Nf3 Bg4 10. h3 Bxf3 11. Qxf3 e6 12. Qe2 Bb4 13. Bd2 c6 14. Nd1 Nd7 15. c3
Be7 16. Bc2 Qb6 17. Bd3 c5 18. O-O cxd4 19. cxd4 Qxd4 20. Re1 Nb4 21. Bb5 Nc6
22. Rc1 Qb6 23. Ne3 Nd4 24. Bxd7+ Kxd7 25. Qd3 Rhc8 26. Bc3 Nb3 27. Rcd1 Ke8
28. Nxd5 exd5 29. e6 d4 30. Qf5 f6 31. Re4 Rc6 32. Qxh5+ Kd8 33. Bxd4 Nxd4 34.
Rexd4+ Kc7 35. Rd7+ Kb8 36. Rxe7 Ka7 37. Rd5 Rc1+ 38. Kh2 g5 39. Qf3 Rc2 40.
Rxa5+ Kb8 41. Qg3+ 1-0

[Event "Weekend Vitinia"]
[Site "Roma ITA"]
[Date "1996.11.??"]
[Round "?"]
[White "Quimi, Marco"]
[Black "Ianniello, Riccardo"]
[Result "1-0"]
[WhiteElo "2220"]
[BlackElo "2335"]
[PlyCount "67"]
[EventDate "1996.11.17"]

1. e4 c6 2. d4 d5 3. e5 Qb6 4. Nf3 Bg4 5. Be2 e6 6. O-O c5 7. c4 dxc4 8. d5
exd5 9. Qxd5 Be6 10. Qe4 Qc6 11. Qf4 Ne7 12. Nbd2 Ng6 13. Qg3 Nd7 14. Re1 Be7
15. h4 h5 16. Nxc4 O-O-O 17. Bd3 Bd5 18. Bg5 Bxf3 19. Bxe7 Nxe7 20. Nd6+ Kb8
21. Nxf7 Rdf8 22. Nxh8 Nb6 23. Ng6 Nxg6 24. Bxg6 Qe6 25. gxf3 Nd5 26. Rad1 Nf4
27. Bb1 g5 28. Rd6 Qc4 29. Kh2 Qb4 30. Red1 Qxb2 31. e6 Qe5 32. Qxg5 Qe2 33.
Rd8+ Kc7 34. Qxc5# 1-0

[Event "Weekend Vitinia"]
[Site "Roma ITA"]
[Date "1996.11.??"]
[Round "?"]
[White "Quimi, Marco"]
[Black "Moroni, Marco"]
[Result "1-0"]
[WhiteElo "2220"]
[BlackElo "1785"]
[PlyCount "105"]
[EventDate "1996.11.17"]

1. e4 e5 2. Nf3 Nf6 3. d4 Nxe4 4. Bd3 d5 5. Nxe5 Bd6 6. O-O O-O 7. c4 c6 8. Nc3
Nxc3 9. bxc3 Bxe5 10. dxe5 dxc4 11. Bxc4 Qxd1 12. Rxd1 Bf5 13. Be3 b5 14. Bb3
a5 15. a4 Re8 16. f4 b4 17. cxb4 axb4 18. Rd6 Be4 19. Rd4 Bd5 20. Rxb4 Na6 21.
Rb6 Bxb3 22. Rxb3 Reb8 23. Rab1 Rxb3 24. Rxb3 Nc7 25. Ra3 Kf8 26. Kf2 Ke8 27.
a5 Kd7 28. Ra1 Nd5 29. Bd2 c5 30. Kf3 Kc6 31. Ke4 Nb4 32. f5 Nc2 33. Rb1 Nb4
34. Ra1 Nc2 35. Rc1 Nd4 36. Rb1 Nb5 37. Rc1 Nd4 38. Be3 Nb3 39. Rc3 Nxa5 40.
Bxc5 Kb5 41. Bd6 Nc4 42. Kd4 Ra4 43. Rb3+ Kc6 44. Rc3 Kb5 45. Rb3+ Kc6 46. Rb4
Rxb4 47. Bxb4 Nb6 48. e6 fxe6 49. fxe6 Nd5 50. Bf8 Nf4 51. Ke5 Ng6+ 52. Ke4
Nxf8 53. e7 1-0

[Event "Weekend Vitinia"]
[Site "Roma ITA"]
[Date "1996.11.??"]
[Round "?"]
[White "Quimi, Marco"]
[Black "Simeoni, Matteo"]
[Result "1-0"]
[WhiteElo "2220"]
[BlackElo "1797"]
[PlyCount "89"]
[EventDate "1996.11.17"]

1. e4 c5 2. Nf3 d6 3. d4 cxd4 4. Nxd4 Nf6 5. Nc3 a6 6. Be3 Nbd7 7. Be2 Nc5 8.
f3 e6 9. O-O Be7 10. Qd2 O-O 11. a4 Qc7 12. b4 Ncd7 13. Rab1 Ne5 14. Nb3 d5 15.
Bc5 Rd8 16. Qe3 Bxc5 17. Qxc5 Qxc5+ 18. Nxc5 d4 19. Nd1 b6 20. Nb3 Nc6 21. Nd2
Rb8 22. Nf2 b5 23. a5 e5 24. Nd3 Nd7 25. Rfc1 Nf8 26. Bf1 Ne6 27. c4 dxc3 28.
Rxc3 Ne7 29. Nb3 f6 30. Nbc5 Nd4 31. Nb3 Be6 32. Nxd4 Rxd4 33. Rc7 Kf7 34. Nc5
Ra8 35. Nxa6 Rxa6 36. Bxb5 Rad6 37. a6 Rd1+ 38. Rxd1 Rxd1+ 39. Kf2 Ra1 40. Be2
Kf8 41. b5 Bc8 42. b6 Rxa6 43. Bxa6 Bxa6 44. Ra7 Bc8 45. Ra8 1-0

[Event "Weekend Vitinia"]
[Site "Roma ITA"]
[Date "1996.11.??"]
[Round "?"]
[White "Ragonese, Lucio Rosario"]
[Black "Farina, Saverio"]
[Result "1/2-1/2"]
[WhiteElo "2052"]
[BlackElo "2210"]
[PlyCount "40"]
[EventDate "1996.11.17"]

1. d4 d5 2. Nf3 c5 3. e3 Nf6 4. c3 Nc6 5. Bd3 Bg4 6. Nbd2 e6 7. Bb5 Bd6 8. Qa4
O-O 9. Bxc6 bxc6 10. Qxc6 Qe7 11. O-O Rab8 12. Re1 Bf5 13. Qa6 c4 14. b3 Rb6
15. Qa4 Bc2 16. Qa5 Qb7 17. bxc4 Ra6 18. Qb5 Rb6 19. Qa5 Ra6 20. Qb5 Rb6
1/2-1/2

[Event "Weekend Vitinia"]
[Site "Roma ITA"]
[Date "1996.11.??"]
[Round "?"]
[White "Ragonese, Lucio Rosario"]
[Black "Quimi, Marco"]
[Result "1/2-1/2"]
[WhiteElo "2052"]
[BlackElo "2220"]
[PlyCount "48"]
[EventDate "1996.11.17"]

1. d4 Nf6 2. Nf3 g6 3. Bg5 Bg7 4. Nbd2 h6 5. Bh4 c5 6. e3 O-O 7. c3 b6 8. Bd3
Bb7 9. O-O d6 10. Re1 Nbd7 11. Qc2 Qc7 12. Rac1 e5 13. dxe5 dxe5 14. Ne4 Nxe4
15. Bxe4 f5 16. Bxb7 Qxb7 17. Qb3+ Kh7 18. Rcd1 e4 19. Qe6 Nb8 20. Be7 Re8 21.
Nh4 Qxe7 22. Qxg6+ Kh8 23. Nxf5 Qf8 24. Nxg7 Re5 1/2-1/2

[Event "Weekend Vitinia"]
[Site "Roma ITA"]
[Date "1996.11.??"]
[Round "?"]
[White "Ragonese, Lucio Rosario"]
[Black "Saccone, Fabio"]
[Result "1/2-1/2"]
[WhiteElo "2052"]
[BlackElo "2200"]
[PlyCount "39"]
[EventDate "1996.11.17"]

1. d4 f5 2. Bg5 g6 3. Nd2 Bg7 4. e4 d6 5. c3 h6 6. Be3 Nf6 7. Bd3 e5 8. exf5
gxf5 9. dxe5 dxe5 10. Qc2 e4 11. Bc4 Nc6 12. O-O-O Qe7 13. Nh3 Be6 14. Qb3 Nd8
15. Nf4 Bxc4 16. Qxc4 Qf7 17. Qb5+ Nd7 18. Nc4 a6 19. Qd5 Qxd5 20. Rxd5 1/2-1/2

[Event "Weekend Vitinia"]
[Site "Roma ITA"]
[Date "1996.11.??"]
[Round "?"]
[White "Rotondi, Paolo"]
[Black "Colombrini, Adolfo"]
[Result "1/2-1/2"]
[WhiteElo "1660"]
[BlackElo "1659"]
[PlyCount "122"]
[EventDate "1996.11.17"]

1. c4 e5 2. Nc3 d6 3. g3 f5 4. d3 Nf6 5. Bg2 c6 6. Rb1 Be7 7. b4 O-O 8. Nf3 a6
9. a4 Qe8 10. b5 axb5 11. axb5 h6 12. Qc2 Be6 13. bxc6 bxc6 14. O-O e4 15. dxe4
Nxe4 16. Nxe4 fxe4 17. Nd4 Bf7 18. Bxe4 d5 19. cxd5 cxd5 20. Bd3 Bf6 21. Be3
Qd7 22. Rfc1 Qa4 23. Qxa4 Rxa4 24. Nc6 Nxc6 25. Rxc6 Rfa8 26. Rcb6 Ra1 27. Kg2
Rxb1 28. Rxb1 g5 29. Rb4 h5 30. Bd4 Bxd4 31. Rxd4 Kg7 32. h4 g4 33. Rb4 Rd8 34.
Rb7 Rd6 35. Bb5 Kf6 36. Rd7 Rb6 37. Bd3 Ke6 38. Ra7 Kf6 39. Ra6 Rxa6 40. Bxa6
Ke5 41. Kf1 Bg6 42. Ke1 Bf5 43. Kd2 Bg6 44. Bd3 Bf7 45. Bh7 Kd4 46. e3+ Ke5 47.
Kc3 Be8 48. Bd3 Bf7 49. Bf1 Bg6 50. Bg2 Bf5 51. f4+ gxf3 52. Bxf3 Bg6 53. Kd2
d4 54. exd4+ Kxd4 55. Ke2 Ke5 56. Kf2 Bf7 57. Ke3 Bg6 58. Bd1 Kf6 59. Kf4 Be8
60. Bc2 Bf7 61. Bf5 Be8 1/2-1/2

[Event "Weekend Vitinia"]
[Site "Roma ITA"]
[Date "1996.11.??"]
[Round "?"]
[White "Rotondi, Paolo"]
[Black "Del Castello, Lucio"]
[Result "1-0"]
[WhiteElo "1660"]
[BlackElo "1594"]
[PlyCount "88"]
[EventDate "1996.11.17"]

1. c4 Nf6 2. Nc3 c5 3. g3 g6 4. Bg2 Bg7 5. Nf3 Nc6 6. O-O O-O 7. a3 a6 8. Rb1
d6 9. b4 Qc7 10. b5 axb5 11. Nxb5 Qd8 12. d3 Rb8 13. Bg5 Bf5 14. Qd2 Re8 15. h3
Qd7 16. Kh2 e5 17. e4 Be6 18. Be3 Nh5 19. Ng5 Nd4 20. Nxe6 Nxe6 21. Nc3 Nc7 22.
Rb3 Nf6 23. Rfb1 Ne6 24. Qb2 Re7 25. a4 Nd4 26. Bxd4 exd4 27. Nb5 Qd8 28. Qd2
h5 29. f4 Bh6 30. Ra1 Kg7 31. a5 Rd7 32. Rba3 Qh8 33. a6 Ng4+ 34. hxg4 hxg4 35.
Kg1 Qh7 36. Qe2 bxa6 37. Rxa6 Rh8 38. Qxg4 Re7 39. Nxd6 Re5 40. Nf5+ Rxf5 41.
exf5 Rf8 42. Ra7 Kh8 43. fxg6 Qxg6 44. Qxg6 fxg6 1-0